000 00485nam a2200145 a 4500
001 000021450
005 20200930011329.0
008 100908s1953 dr 000 0 spa d
040 _aDO-SdBNP
_bspa
_cBNPHU
082 _axxx
_bC422f
100 1 _aCestero Burgos, Tulio A.
_d1902-1959
_944745
245 1 0 _aFilosofía de la cultura en la vida intensa de Martí /
_cTulio Cestero Burgos.
260 _aCiudad Trujillo, República Dominicana :
_bMontalvo,
_c1953.
300 _a116 p. ;
_c21 cm.
999 _c20950
_d20950